书目信息 |
| 题名: |
成都市城市地下空间资源图集
|
|
| 作者: | 王东辉 , 王德伟 主编 ;中国地质调查局成都地质调查中心 (西南地质科技创新中心) , 成都市规划和自然资源局 编著 | |
| 分册: | ||
| 出版信息: | 北京 科学出版社 2025.01 |
|
| 页数: | 101页 | |
| 开本: | 43cm | |
| 丛书名: | ||
| 单 册: | ||
| 中图分类: | TU984.271.1-64 , TU984.271 | |
| 科图分类: | ||
| 主题词: | 城市空间--cheng shi kong jian--地下建筑物--四川省--成都市--图集 | |
| 电子资源: | ||
| ISBN: | 978-7-03-080973-5 | |
| 000 | 01498nam0 2200301 450 | |
| 001 | 93877 | |
| 005 | 20250819172928.44 | |
| 010 | @a978-7-03-080973-5@b精装@dCNY300.00 | |
| 100 | @a20250519d2025 em y0chiy50 ea | |
| 101 | 0 | @achi |
| 102 | @aCN@b110000 | |
| 105 | @aabk z 000yy | |
| 106 | @ad | |
| 106 | @ar | |
| 200 | 1 | @a成都市城市地下空间资源图集@Acheng du shi cheng shi di xia kong jian zi yuan tu ji@f中国地质调查局成都地质调查中心 (西南地质科技创新中心), 成都市规划和自然资源局编著 |
| 210 | @a北京@c科学出版社@d2025.01 | |
| 215 | @a101页@c彩图, 地图@d43cm | |
| 314 | @a书内题: 王东辉, 王德伟主编 | |
| 330 | @a本书在全面总结提炼研究成果的基础上, 采用地面分区与竖纵向分层相结合的编制方式, 统筹考虑地质问题防范与资源保护利用, 依据城市地下空间资源综合利用约束性地质要素和地质结构空间差异, 开展了地下0—30m、30—60m、60—100m、100—200m四个层位的地下空间资源开发利用地质适宜性评价、开发潜力评价与开发难易度评价。 | |
| 606 | 0 | @a城市空间@Acheng shi kong jian@x地下建筑物@y四川省@y成都市@j图集 |
| 690 | @aTU984.271.1-64@v5 | |
| 690 | @aTU984.271@v4 | |
| 701 | 0 | @a王东辉@Awang dong hui@4主编 |
| 701 | 0 | @a王德伟@Awang de wei@4主编 |
| 712 | 02 | @a中国地质调查局成都地质调查中心 (西南地质科技创新中心)@Azhong guo di zhi diao cha ju cheng du di zhi diao cha zhong xin (xi nan di zhi ke ji chuang xin zhong xin )@4编著 |
| 712 | 02 | @a成都市规划和自然资源局@Acheng du shi gui hua he zi ran zi yuan ju@4编著 |
| 801 | 0 | @aCN@c20250909 |
| 905 | @a河南城建学院图书馆@dTU984.271@eW150@f1 | |
| 成都市城市地下空间资源图集/中国地质调查局成都地质调查中心 (西南地质科技创新中心), 成都市规划和自然资源局编著.-北京:科学出版社,2025.01 |
| 101页:彩图, 地图;43cm |
| ISBN 978-7-03-080973-5(精装):CNY300.00 |
| 本书在全面总结提炼研究成果的基础上, 采用地面分区与竖纵向分层相结合的编制方式, 统筹考虑地质问题防范与资源保护利用, 依据城市地下空间资源综合利用约束性地质要素和地质结构空间差异, 开展了地下0—30m、30—60m、60—100m、100—200m四个层位的地下空间资源开发利用地质适宜性评价、开发潜力评价与开发难易度评价。 |
| ● |
| 相关链接 |
|
|
|
正题名:成都市城市地下空间资源图集
索取号:TU984.271/W150
 
预约/预借
| 序号 | 登录号 | 条形码 | 馆藏地/架位号 | 状态 | 备注 |
| 1 | 1627805 | 216278052 | 建筑库201/201建筑库 103排7列2层/ [索取号:TU984.271/W150] | 在馆 |